| 000 | | | 04105nac2a22002891x 450 |
| 001 | | | 6a442d0b-4c11-4ece-b9ad-c71f960af6e2 |
| 005 | | | 20160225035511.0 |
| 100 | ## | $a | 20151228l1917 k y0rusy50 ca |
| 101 | 0# | $a | rus |
| 102 | ## | $a | RU |
| 105 | ## | $a | y z ||||| |
| 122 | 0# | $a | d19170731 |
| 122 | 0# | $a | d1918 |
| 200 | 1# | $a | Сметы расходов по управлению Боевского казенного вольфрамового рудника Пермской губернии на 1918 г. |
| | $j | Июль 1917 - 1918 |
| 215 | ## | $a | 18 листов |
| 251 | ## | $c | Дело |
| 300 | ## | $a | Заголовок дела на папке: Сметы и ведомость строительных кредитов, необходимых Боевскому руднику на производство новых построек зданий и сооружений за счет операционного кредита |
| 300 | ## | $a | Часть документов рукописная, часть - машинописная |
| 330 | ## | $a | Входит в раздел описи: Горный департамент |
| 461 | #0 | $1 | 00110265e2f-74b4-4aa7-9449-d1e502b49f05 |
| | $1 | 2001 |
| | $a | МИНИСТЕРСТВО ТОРГОВЛИ И ПРОМЫШЛЕННОСТИ ВРЕМЕННОГО ПРАВИТЕЛЬСТВА |
| | $1 | 251 |
| | $c | Фонд |
| | $1 | 852 |
| | $j | 7743 |
| 462 | #0 | $1 | 001d776d8b6-d08f-420d-bbba-5b0ff0770f06 |
| | $1 | 2001 |
| | $a | 1917 г. |
| | $v | Д. 172 |
| | $1 | 251 |
| | $c | Опись |
| | $1 | 852 |
| | $j | 1 |
| 517 | 1# | $a | Сметы и ведомость строительных кредитов, необходимых Боевскому руднику на производство новых построек зданий и сооружений за счет операционного кредита |
| 601 | 02 | $3 | RU\NLR\AUTH\880357420 |
| | $a | Временное Сибирское правительство |
| | $b | Министерство торговли и промышленности |
| 601 | 02 | $a | Боевский казенный вольфрамовый рудник |
| 801 | #0 | $a | RU |
| | $b | GA_RF |
| 801 | #1 | $a | RU |
| | $b | НПО Опыт |
| | $c | 20151228 |
| | $2 | rusmarc |
| 801 | #2 | $a | RU |
| | $b | ПБ им. Б.Н. Ельцина |
| | $c | 20160225 |
| | $g | RCR |
| | $2 | rusmarc |
| 852 | ## | $a | ГА РФ |
| | $j | 172 |
| 937 | ## | $d | 64836192 |
| | $h | ПБ |
| 035 | ## | $a | RuPRLIB51034743 |